| 000 | 01022nam a2200277 a 4500 | ||
|---|---|---|---|
| 003 | OSt | ||
| 005 | 20250411123526.0 | ||
| 008 | 190725s1986 000 spa d | ||
| 040 |
_aDO-SdBNP _bspa _cBNPHU |
||
| 082 |
_a862.3 _bC266v _2 22 |
||
| 100 |
_aCalderón de la Barca, Pedro _952093 _d1600 -1681 |
||
| 242 | _b | ||
| 245 | 1 | 3 |
_aLa vida es sueño ; El alcalde de Zalamea / _cPedro Calderón de la Barca ; editado por Malaquías Gil Arantegui |
| 246 | 1 | 3 | _aEl alcalde de Zalamea |
| 260 |
_aSanto Domingo : _bBiblioteca Económica de Obras Maestras, _c1986. |
||
| 300 |
_a247 p. ; _c22 cm. |
||
| 490 | 1 |
_aBiblioteca Económica de Obras Maestras, _v6 |
|
| 563 | _aDos obras encuadernadas juntas con paginación continua | ||
| 590 | _aInventariado, 2020/VM | ||
| 650 |
_aTeatro español. _93071 |
||
| 700 | 1 |
_aGil Arantegui, Malaquías, _d1912-1988 _eed. _976489 |
|
| 740 | 2 | _aEl alcalde de Zalamea. | |
| 830 |
_aBiblioteca Económica de Obras Maestras _n6 _977569 |
||
| 910 | _aVMateo | ||
| 942 |
_2ddc _cLBS1 |
||
| 999 |
_c48674 _d48674 |
||